000 00728nam a2200217 a 4500
008 120416s1971 ||||||||||||||||| || u
020 _a0500580103
050 _aNA 859.N5 Nie
100 _aSpade, Rupert
245 1 0 _aOscar Niemeyer
260 _aLondon,
_bThames and Hudson
_c1971.
300 _a136p. : ill.
350 _a0.00
490 _aMasters of modern architecture
500 _aBibliography.
650 _aMORDEN ARCHITECTURE
650 _aARCHITECTURAL DESIGN--EVALUATION
700 _aNiemeyer, Oscar
700 _aFutagawa, Yukio
995 _D0.00
_FCBU-MAIN LIBRARY (Kitwe)
_H1
_I0.00
_M1
_UAVAILABLE
_WJul 6, 2006
_ZAnnex Low-Usage Collection
999 _c52952
_d52952